| 000 | 00487nam a2200193Ia 4500 | ||
|---|---|---|---|
| 003 | GCL | ||
| 008 | 140319s9999 xx 000 0 aRus d | ||
| 040 |
_aGCL / _cGCL |
||
| 082 | 0 | 4 |
_a863 _bM T |
| 100 | 1 | _aMARTIN - SANTOS, LUIS | |
| 245 | 1 | 0 |
_aTIEMPO DE SILENCIO / _cMARTIN - SANTOS, LUIS |
| 260 |
_a[S.N] : _bSEIX BARRAL ، _c1995 |
||
| 300 | _a287 | ||
| 650 | 0 | 4 | _aLITERATURE |
| 650 | 0 | 4 | _aFICTION |
| 650 | 0 | 4 | _aSPANISH LITERATURE |
| 650 | 0 | 4 | _aSPANISH FICTION |
| 942 |
_2ddc _cBK |
||
| 999 |
_c12918 _d12918 |
||